000
00298nam a22001337a 4500
082
_a
823
_b
COO/M
100
_a
COOPER, ELIZABETH K
245
_a
MORTIMER FROG
260
_b
HARCOURT BRACE JOVANOVICH
300
_a
70
520
_a
ENGLISH SHORT STORY
650
_a
ENGLISH SHORT STORY
942
_c
BK
999
_c
5414
_d
5414